00311nam a2200121Ia 4500008004100000041000800041082001500049100002000064245002800084260004400112300002400156365000900180240624s9999 xx 000 0 und d aeng a332.63 FAB aFABOZZI FRANK J aFIXED INCOME SECURITIES c2001aPennsylvaniabJohn Wiley and Sons a464 : p. : cm. ; 24 cb30